| 000 | 01297nas a2200373 4500 | ||
|---|---|---|---|
| 001 | BR2011003969 | ||
| 003 | BR-BrBNA | ||
| 005 | 20231205115512.0 | ||
| 007 | ta | ||
| 008 | 230509b bl.|||p| |||| 00| 00por d | ||
| 040 |
_aBR-BrBNA _bpor _cBiblioteca Nacional de Agricultura |
||
| 041 | _a(Pt) | ||
| 072 | _aC10 | ||
| 100 | 1 | _aBarros, C. da C. de | |
| 100 | 1 | _aPampuch, R. | |
| 100 | 1 | _aBiondo, A.W. | |
| 100 | 1 | _aWouk, A.F.P. de F. | |
| 100 | 1 | _aAnnunziado, R.J. | |
| 100 | 1 | _aAmora, D. da S.J. | |
| 100 | 1 | _aCunha, G.R. da | |
| 100 | 1 | _aBraga, K.F. | |
| 100 | 1 | _aSczepanski, B. | |
| 100 | 1 | _aAlmeida, J.C. de | |
| 245 | 1 | _aVeterinário mirim: ferramenta na educação em saúde e promoção de cultura sobre guarda responsável e bem-estar animal no município de Pinhais/PR | |
| 246 | 1 | _a"Junior veterinary": A tool on young students education in health promoting and responsible custody and animal welfare in the Country of Pinhais/PR | |
| 650 | _aEDUCACÃO VETERINÁRIA | ||
| 650 | _aENSINO PRIMÁRIO | ||
| 650 | _aENSINO MÉDIO | ||
| 650 | _aCRIANÇA | ||
| 650 | _aBEM-ESTAR | ||
| 773 | 0 |
_tVeterinária em Foco (Brazil) _xISSN 1679-5237 _g(Jan-Jun 2009), v. 6(2) p. 179-184 _wBR2011003969 |
|
| 909 |
_a202311 _bLúcia _c55 _dLúcia Elande |
||
| 942 |
_2AGRIS _n0 _cANA |
||
| 999 |
_c214130 _d214130 |
||